[Event "june in january"]
[Site "http://www.queenalice.com/game.php?id=1139589"]
[Date "2013.1.11"]
[Round "-"]
[White "jbugg"]
[Black "WillExZ"]
[Result "0-1"]
[WhiteElo "1354"]
[BlackElo "1313"]

1. e4 e5 2. Nf3 Nf6 3. d4 Ng4 4. dxe5 Bc5 5. Nfd2 Nxf2 6. Qh5 Nxh1 7. Bc4 O-O 8.
Qe2 Qh4+ 9. Kd1 Nf2+ 10. Ke1 Ng4+ 11. Kd1 Nxe5 12. Nf3 Qh5 13. Be3 Bxe3 14. Qxe3
Nxc4 15. Qc3 b5 16. Nd2 Nxd2 17. Qxd2 Bb7 18. Qd3 Na6 19. Kd2 Nc5 20. Qxb5 Ba6
21. b4 Bxb5 22. bxc5 Qxc5 23. Rb1 Bc4 24. h4 Bxa2 25. Rb2 Be6 26. Ng5 Qf2+ 27.
Kc3 Qxh4 28. Rb5 c6 29. Re5 Qg3+ 30. Nf3 Qxg2 31. Nd4 Qg3+ 0-1

[Event "Challenge"]
[Site "http://www.queenalice.com/game.php?id=1147245"]
[Date "2013.1.31"]
[Round "-"]
[White "WillExZ"]
[Black "jbugg"]
[Result "1-0"]
[WhiteElo "1325"]
[BlackElo "1433"]

1. e4 e5 2. Nf3 d6 3. Nc3 h6 4. b3 Nc6 5. a3 Qf6 6. Be2 Be6 7. O-O a6 8. b4 Nd4
9. Nd5 Bxd5 10. exd5 Ne7 11. Bc4 e4 12. Nxd4 Qxd4 13. Bb3 Nxd5 14. Qg4 Qxa1 15.
Bxd5 Qd4 16. Bxe4 d5 17. Bf5 Qe5 18. d4 Qd6 19. Re1+ Kd8 20. Qh4+ Qf6 21. Qf4
Bd6 22. Qf3 Qxd4 23. Be3 Qb2 24. Qxd5 Qxa3 25. Bh3 Qxb4 26. Bd2 Qb2 27. Qf5 Qf6
28. Qd7# 1-0

[Event "March mad chess"]
[Site "http://www.queenalice.com/game.php?id=1157418"]
[Date "2013.3.3"]
[Round "-"]
[White "jbugg"]
[Black "WillExZ"]
[Result "1-0"]
[WhiteElo "1389"]
[BlackElo "1345"]

1. e4 Nf6 2. d3 Nc6 3. Bf4 Nh5 4. Qxh5 e6 5. Bg5 Be7 6. Bf4 O-O 7. Qg4 Nb4 8.
Qd1 Nc6 9. c3 e5 10. Be3 Bf6 11. Nd2 Ne7 12. Qg4 Ng6 13. g3 d6 14. Qf3 a5 15.
Nh3 Ra6 16. d4 1-0

[Event "Challenge"]
[Site "http://www.queenalice.com/game.php?id=1158548"]
[Date "2013.3.6"]
[Round "-"]
[White "vangogh"]
[Black "WillExZ"]
[Result "1-0"]
[WhiteElo "1534"]
[BlackElo "1336"]

1. e4 e5 2. Nf3 Bd6 3. d4 Nf6 4. dxe5 Bb4+ 5. c3 Ba5 6. b4 Bb6 7. exf6 Qxf6 8.
Bc4 O-O 9. b5 Qe7 10. Qd5 Qc5 11. Qd3 Qxf2+ 12. Kd1 Qxg2 13. Rg1 Qh3 14. e5 Qh5
15. Rg5 Qh6 16. Rg4 Qh5 17. Ba3 Qxg4 18. Nd2 d6 19. exd6 cxd6 20. Qxd6 Qg2 21.
Qxf8# 1-0

[Event "Heisenberg struck!"]
[Site "http://www.queenalice.com/game.php?id=1162520"]
[Date "2013.3.19"]
[Round "-"]
[White "jbugg"]
[Black "WillExZ"]
[Result "0-1"]
[WhiteElo "1366"]
[BlackElo "1318"]

1. e4 e5 2. Nf3 Nf6 3. Bd3 Bc5 4. Nh4 Ng4 5. O-O Qxh4 6. h3 Nxf2 7. Qe1 O-O 8.
Nc3 Nxd3+ 9. Rf2 Nxe1 10. d4 Bxd4 11. Bd2 Qxf2+ 12. Kh1 Qg1# 0-1

[Event "Mad Chess with a Vengeance"]
[Site "http://www.queenalice.com/game.php?id=1163031"]
[Date "2013.3.20"]
[Round "-"]
[White "WillExZ"]
[Black "jbugg"]
[Result "1-0"]
[WhiteElo "1289"]
[BlackElo "1483"]

1. Nc3 e5 2. e4 Bc5 3. Qf3 Nf6 4. d3 O-O 5. Qf5 d6 6. Qg5 Ng4 7. Qd2 Bxf2+ 8.
Kd1 Be3 9. Qe2 Qd7 10. Nd5 Bg5 11. Bxg5 Nc6 12. h3 Nh6 13. Kd2 a5 14. Rd1 Nd4
15. Qe3 Qa4 16. Nc3 Qxc2+ 17. Ke1 Qxb2 18. Rc1 b6 19. Na4 Qxa2 20. Nc3 Qb2 21.
Nd1 Nc2+ 22. Rxc2 Qxc2 23. d4 f6 24. Bd3 Qa4 25. Bh4 Bb7 26. d5 Qb4+ 27. Kf1 Qb3
28. Nf2 Ba6 29. Bxa6 Rxa6 30. Qxb3 a4 31. Qc3 Ra5 32. Qxc7 a3 33. Qxb6 Rc5 34.
Qb4 Rc1+ 35. Ke2 Rc2+ 36. Kd1 Ra2 37. Qb3 Ra1+ 38. Kd2 Rc8 39. Ne2 Rxh1 40. Qxa3
Rhc1 41. Nxc1 Rd8 42. Qa5 Rd7 43. Nb3 Nf7 44. Qa8+ Rd8 45. Qc6 g5 46. Bg3 h5 47.
Na5 h4 48. Bh2 Kg7 49. Qc7 Ra8 50. Nb7 Ra2+ 51. Ke1 Rb2 52. Nxd6 Rb1+ 53. Nd1
Ra1 54. Qxf7+ Kh6 55. Qxf6+ Kh5 56. Qg7 Ra6 57. Nf5 Rg6 58. Qh7+ 1-0

[Event "Challenge"]
[Site "http://www.queenalice.com/game.php?id=1164607"]
[Date "2013.3.25"]
[Round "-"]
[White "NeeneNY"]
[Black "WillExZ"]
[Result "1-0"]
[WhiteElo "1366"]
[BlackElo "1302"]

1. e4 e5 2. Nf3 Bc5 3. Nxe5 Qf6 4. f4 Qxf4 5. Nd3 Qxe4+ 6. Qe2 Qe7 7. Nxc5 Nf6
8. d3 O-O 9. Qxe7 Nd5 10. Qe2 d6 11. Ne4 Be6 12. Nbc3 Nf4 13. Bxf4 d5 14. Nc5
Bf5 15. Nxd5 c6 16. Nc7 Na6 17. N5xa6 Rac8 18. Nc5 b6 19. Ne4 Rxc7 20. O-O-O Re7
21. Bg5 Ree8 22. Qf3 c5 23. Qxf5 a6 24. Be2 a5 25. Bh5 g6 26. Qf4 gxh5 27. Bh6
b5 28. Qg5+ Kh8 29. Qg7# 1-0

[Event "Challenge"]
[Site "http://www.queenalice.com/game.php?id=1167545"]
[Date "2013.4.2"]
[Round "-"]
[White "vangogh"]
[Black "WillExZ"]
[Result "1-0"]
[WhiteElo "1546"]
[BlackElo "1308"]

1. e4 e5 2. d4 Bb4+ 3. c3 Ba5 4. dxe5 Qe7 5. b4 Bb6 6. Nf3 Nh6 7. Bc4 O-O 8. Bg5
Qe8 9. g3 d6 10. Bf4 Ng4 11. Nd4 dxe5 12. h3 exf4 13. hxg4 Qxe4+ 14. Kd2 fxg3
15. Qe1 Qf4+ 16. Qe3 Qxg4 17. fxg3 Nc6 18. Rh4 Qd7 19. Qe4 g6 20. Qf4 Kg7 21.
Qh6+ Kg8 22. Qxh7# 1-0

[Event "breakingGood"]
[Site "http://www.queenalice.com/game.php?id=1179918"]
[Date "2013.5.9"]
[Round "-"]
[White "WillExZ"]
[Black "jbugg"]
[Result "0-1"]
[WhiteElo "1303"]
[BlackElo "1374"]

1. Nf3 d5 2. Nc3 Nf6 3. a3 Nc6 4. e3 e5 5. d3 Bc5 6. Be2 O-O 7. O-O Bf5 8. Nb5
a6 9. Nc3 b5 10. b4 Bd6 11. d4 e4 12. Nh4 Bg6 13. Nxg6 fxg6 14. a4 bxa4 15. Nxa4
Nxb4 16. c3 Nc6 17. c4 Qd7 18. cxd5 Nxd5 19. Bg4 Qf7 20. Be2 Qf5 21. Bg4 Qg5 22.
Bb2 Rab8 23. Ra2 Ncb4 24. Ra1 Nf6 25. Nc3 Nxg4 26. Nxe4 Qh5 27. Ra3 Qxh2# 0-1

[Event "DistractedStudent"]
[Site "http://www.queenalice.com/game.php?id=1191506"]
[Date "2013.6.16"]
[Round "-"]
[White "jbugg"]
[Black "WillExZ"]
[Result "1-0"]
[WhiteElo "1446"]
[BlackElo "1299"]

1. e4 e5 2. Nf3 Nf6 3. Nc3 Nc6 4. Bc4 Be7 5. O-O O-O 6. a3 Na5 7. Bd3 Ng4 8. h3
Nh6 9. Nxe5 Nc6 10. Nc4 b5 11. Ne3 Nd4 12. Qh5 Bd6 13. Nxb5 Nxb5 14. Bxb5 c6 15.
Bc4 Bb8 16. a4 Qc7 17. g3 Qd6 18. Ra3 Qe6 19. Bxe6 dxe6 20. Qc5 Ba6 21. Qxc6 Be5
22. Qxa6 Rad8 23. Qxa7 Bd4 24. Qa5 Bf6 25. Ng4 Nxg4 26. hxg4 Rd4 27. d3 Bd8 28.
Qc5 Rd7 29. Rc3 Be7 30. Qb5 Rdd8 31. Kg2 Rd6 32. Qb7 Re8 33. Bf4 e5 34. Bxe5 1-0

[Event "Challenge"]
[Site "http://www.queenalice.com/game.php?id=1199777"]
[Date "2013.7.14"]
[Round "-"]
[White "rodrigochess"]
[Black "WillExZ"]
[Result "0-1"]
[WhiteElo "1390"]
[BlackElo "1279"]

1. e4 e5 2. Nf3 Bd6 3. Nc3 Nf6 4. d3 O-O 5. Be2 Nc6 6. O-O b6 7. Bd2 Nd4 8. Be3
Ng4 9. Bxd4 exd4 10. Nxd4 Qh4 11. f3 Qxh2# 0-1

[Event "Challenge"]
[Site "http://www.queenalice.com/game.php?id=1199884"]
[Date "2013.7.14"]
[Round "-"]
[White "Leide_Cezar"]
[Black "WillExZ"]
[Result "1-0"]
[WhiteElo "984"]
[BlackElo "1277"]

1. Nf3 Nf6 2. d4 Na6 3. c3 e6 4. Bg5 c5 5. d5 exd5 6. c4 dxc4 7. Qa4 Qb6 8. Qc2
Be7 9. Nc3 Qb4 10. O-O-O O-O 11. e4 d6 12. h3 Bd8 13. Rxd6 Nd7 14. Kb1 Qa5 15.
Be2 Qc7 16. Qd2 1-0

[Event "Challenge"]
[Site "http://www.queenalice.com/game.php?id=1199885"]
[Date "2013.7.14"]
[Round "-"]
[White "WillExZ"]
[Black "Leide_Cezar"]
[Result "0-1"]
[WhiteElo "1249"]
[BlackElo "1012"]

1. e4 e5 2. Qf3 Qf6 3. Ne2 Qxf3 4. gxf3 Nc6 5. Nbc3 Nd4 6. Nxd4 exd4 7. Nd5 Kd8
8. Bc4 c6 9. Nb4 Bxb4 10. Bxf7 Ne7 11. c3 Ba5 12. cxd4 Rf8 13. Bb3 Rxf3 14. Bd1
Rh3 15. e5 d5 0-1

[Event "Challenge"]
[Site "http://www.queenalice.com/game.php?id=1282828"]
[Date "2014.5.19"]
[Round "-"]
[White "WillExZ"]
[Black "jbugg"]
[Result "0-1"]
[WhiteElo "1224"]
[BlackElo "1415"]

1. Nf3 d5 2. Nc3 Nf6 3. g3 Nc6 4. b3 d4 5. Nb5 Bd7 6. Nbxd4 e5 7. Nb5 e4 8. Ne5
Nxe5 9. Bb2 Neg4 10. Nc3 Bc5 11. Qc1 Bxf2+ 12. Kd1 Bd4 13. h3 Nf2+ 14. Ke1 Nxh1
15. e3 Bc5 16. Ne2 Bd6 17. g4 Ng3 18. Bg2 Nxe2 19. Kxe2 O-O 20. Qe1 Bb5+ 21. Kd1
Nd5 22. Bxe4 Nb4 23. d3 c6 24. Qc3 f6 25. a3 Na6 26. Kd2 Qe7 27. Rf1 Be5 28. Qa5
Bxb2 29. a4 b6 30. Bd5+ cxd5 31. Qxb5 Nc7 32. Qc6 a5 33. Qb7 Qc5 34. Kd1 Rab8
35. Qa7 h6 36. Ke2 Qxc2+ 37. Kf3 Rfc8 38. Rf2 Qxb3 39. Rd2 Qxa4 40. Rxb2 Qd1+
41. Kf2 Qxd3 42. h4 f5 43. gxf5 Qxf5+ 44. Ke2 Qh5+ 45. Kd3 Qxh4 46. Re2 Qc4+ 47.
Kd2 d4 48. exd4 Qxd4+ 49. Ke1 g5 50. Kf1 g4 51. Kg2 Qd5+ 52. Kg3 Rb7 53. Qxb7
Qxb7 54. Kxg4 Re8 55. Rf2 Qd5 56. Rf4 Re4 57. Rxe4 Qxe4+ 58. Kg3 a4 59. Kf2 a3
60. Kf1 a2 61. Kg1 a1=Q+ 62. Kf2 Qa2+ 63. Kf1 Qeb1# 0-1

[Event "Challenge"]
[Site "http://www.queenalice.com/game.php?id=1289433"]
[Date "2014.6.20"]
[Round "-"]
[White "jbugg"]
[Black "WillExZ"]
[Result "0-1"]
[WhiteElo "1387"]
[BlackElo "1216"]

1. e4 e5 2. Nf3 Nf6 3. Nc3 Nc6 4. Bc4 Na5 5. Nxe5 Bd6 6. Nxf7 Qe7 7. Nxh8 Nxc4
8. d3 Nb6 9. O-O Qe5 10. g3 Qe6 11. Bg5 Qg8 12. Bxf6 gxf6 13. Qh5+ Ke7 14. Nd5+
Nxd5 15. exd5 Qxh8 16. Qe2+ Kf7 17. c4 b6 18. Rfe1 Ba6 19. d4 Re8 20. Qc2 b5 21.
c5 Bf8 22. c6 d6 23. Qf5 Bc8 24. Qf3 Bh3 25. g4 Rxe1+ 26. Rxe1 f5 27. gxf5 Qg7+
28. Qg3 Bxf5 29. Qxg7+ Bxg7 30. Rd1 Be4 31. Rc1 Bxd4 32. b3 Bxd5 33. Rc2 Kf6 34.
Rd2 Ke5 35. Re2+ Kf4 36. Re7 Bxc6 37. Rxc7 Bf3 38. Rxh7 Be4 39. Rxa7 Bxa7 40. h4
Kf3 41. b4 Bxf2+ 42. Kh2 Kg4 0-1

[Event "Challenge"]
[Site "http://www.queenalice.com/game.php?id=1295083"]
[Date "2014.7.15"]
[Round "-"]
[White "Rogerio11"]
[Black "WillExZ"]
[Result "0-1"]
[WhiteElo "1290"]
[BlackElo "1260"]

1. e4 e5 2. Bc4 Qg5 3. Qf3 Nh6 4. Nh3 Qe7 5. O-O Qc5 6. d3 Nc6 7. Nc3 Nd4 8. Qd1
d5 9. Nxd5 Bg4 10. Qd2 Nf3+ 11. gxf3 Bxf3 12. b4 Qd6 13. Qg5 Qe6 14. Bb5+ c6 15.
Ba4 Qxh3 16. Nc7+ Kd7 17. Nxa8 Be7 18. Qxg7 Rxa8 19. Bxh6 Rf8 20. d4 exd4 21.
Rad1 Bf6 22. Qg3 Qxh6 23. Qxf3 Be5 24. c3 Qxh2# 0-1

[Event "Challenge"]
[Site "http://www.queenalice.com/game.php?id=1295729"]
[Date "2014.7.19"]
[Round "-"]
[White "WillExZ"]
[Black "jbugg"]
[Result "1-0"]
[WhiteElo "1239"]
[BlackElo "1375"]

1. e4 e5 2. Nf3 Nc6 3. Nc3 Nf6 4. Qe2 Bc5 5. Qc4 b6 6. Ng5 d5 7. exd5 Na5 8.
Qa4+ Qd7 9. Nb5 O-O 10. Qh4 h6 11. Nf3 Qxb5 12. Bxb5 Nxd5 13. Nxe5 Be7 14. Qe4
Bb7 15. Bd3 f6 16. Qh7# 1-0

[Event "death on toast"]
[Site "http://www.queenalice.com/game.php?id=1296937"]
[Date "2014.7.24"]
[Round "-"]
[White "jbugg"]
[Black "WillExZ"]
[Result "1-0"]
[WhiteElo "1411"]
[BlackElo "1277"]

1. e4 Nf6 2. Nc3 Nc6 3. Bc4 d6 4. Nf3 d5 5. exd5 Na5 6. d3 e6 7. Qe2 Bc5 8. O-O
O-O 9. Bd2 b6 10. Rfe1 exd5 11. Nxd5 Nxd5 12. Qe4 Nf6 13. Qf4 Ng4 14. h3 Bd6 15.
Qe4 Nf6 16. Qd4 Nc6 17. Qh4 Qd7 18. d4 Bb4 19. c3 Bd6 20. Bd3 Kh8 21. Bg5 h6 22.
Bxf6 Be7 23. Bxe7 Nxe7 24. Rxe7 Qd6 25. Ne5 Bb7 26. Re1 Qc6 27. f3 Rfe8 28. Rxf7
Qe6 29. Qh5 Qxa2 30. Qg6 Rg8 31. Qh7# 1-0

[Event "Challenge"]
[Site "http://www.queenalice.com/game.php?id=1300916"]
[Date "2014.8.11"]
[Round "-"]
[White "WillExZ"]
[Black "jbugg"]
[Result "1-0"]
[WhiteElo "1266"]
[BlackElo "1438"]

1. Nf3 d5 2. Nc3 Nf6 3. a4 c6 4. h4 e6 5. Rh3 Bd6 6. d4 e5 7. dxe5 Bxh3 8. gxh3
Bc5 9. exf6 Qxf6 10. Bg5 Qg6 11. Ne5 Qe4 12. Nxe4 Bb4+ 13. Nc3 O-O 14. Qd4 Bd6
15. Ng4 Nd7 16. Ne5 Bxe5 17. Qg4 a5 18. Qxd7 Rab8 19. e3 h6 20. Bf4 Bxf4 21.
exf4 Kh7 22. Bd3+ g6 23. f5 h5 24. fxg6+ Kh6 25. Qd6 Rbe8+ 26. Ne2 f6 27. Qf4+
Kg7 28. Qc7+ Kh6 29. Qxb7 Re6 30. Qh7# 1-0